000 00436cam a2200145 4500500
005 20251012003916.0
041 _afre
042 _adc
100 1 0 _aGamblin, Guillaume
_eauthor
245 0 0 _aInstantanés d’une marche mondiale
260 _c2020.
500 _a74
786 0 _nSilence | 491 | 9 | 2020-07-07 | p. 8-9 | 0756-2640
856 4 1 _uhttps://shs.cairn.info/revue-silence-2020-9-page-8?lang=fr&redirect-ssocas=7080
999 _c1513586
_d1513586